000 00687nam a22002177a 4500
001 00260
003 DO-SdBNP
005 20180212110936.0
008 151208b 2008 dr xxu||||| |||| 00| 0 spa d
040 _aBPMSU
_bspa
_cBPMSU
092 _axxxxx
_bxxxxx
100 1 _aSaldívar de los Santos, René Antonio
245 1 0 _aDon Mon y Doña Mónica /
_cRené Antonio Saldívar de los Santos.
260 _aLa Vega, República Dominicana :
_bImpresos Andy,
_c2008
300 _a235 p.
_bil. ;
_c21 cm.
500 _aIncluye datos biográficos del autor.
910 _a00260
942 _2ddc
_cBK
945 _aTítulo remanejado para BNPHU / 2018 VM
956 _aLorenza Pérez
_b10
999 _c9038
_d9038